[Event "It"]
[Site "masterchessopen.com Oldenburg (Germany)"]
[Date "1949.06.22"]
[Round "6"]
[White "Kuppe W"]
[Black "Tautvaisas Paul"]
[Result "0-1"]
[WhiteElo "2260"]
[BlackElo "2348"]

1.Nf3 d5 2.c4 c6 3.d4 Nf6 4.e3 Bf5 5.Nc3 e6 6.Qb3 Qb6 7.c5 Qc7 8.Ne5 Nbd7 9.f4
Nxe5 10.fxe5 Nd7 11.Qd1 Be7 12.Be2 O-O 13.O-O f6 14.exf6 Bxf6 15.Bd2 Rae8
16.Be1 Bg5 17.Rf3 e5 18.Rg3 Qd8 19.Bg4 Qf6 20.h3 exd4 21.exd4 Be3+ 22.Kh2 Qxd4
23.Ne2 Qxd1 24.Rxd1 Bxc5 {#R} 0-1

[Event "Ch Leningrad"]
[Site "masterchessopen.com Leningrad (Russia)"]
[Round "0"]
[White "Bukhman Eduard (RUS)"]
[Black "Kozlov Vladimir N (RUS)"]
[Result "0-1"]
[WhiteElo "2370"]
[BlackElo "2268"]

1.d4 d5 2.c4 c6 3.Nf3 Nf6 4.e3 Bf5 5.Bd3 e6 6.Nc3 Bg6 7.Bxg6 hxg6 8.Qd3 Bb4
9.Bd2 Nbd7 10.O-O Bxc3 11.bxc3 Ne4 12.cxd5 exd5 13.c4 g5 14.cxd5 cxd5 15.Qb5
g4 16.Ba5 Nc3 17.Qxb7 Rb8 18.Qa6 Nb6 19.Ne5 Qh4 20.Nxg4 f5 21.Qxa7 Ne2+ 22.Kh1
Nd7 23.Qa6 fxg4 24.Qe6+ Kf8 25.Bc7 Rb6 26.Qxd7 Qxh2+ {#R} 0-1

[Event "It"]
[Site "masterchessopen.com Eerbeek (Netherlands)"]
[Round "0"]
[White "Kelecevic Nedeljko (SUI)"]
[Black "Bohm Hans (NED)"]
[Result "0-1"]
[WhiteElo "2229"]
[BlackElo "2410"]

1.d4 d5 2.Nf3 c6 3.c4 Nf6 4.e3 Bf5 5.Nc3 e6 6.Be2 h6 7.Qb3 Qb6 8.c5 Qc7 9.Ne5
Nbd7 10.f4 Be7 11.Qd1 O-O 12.O-O Ne4 13.Bd2 Nxe5 14.fxe5 Nxd2 15.Qxd2 f6
16.exf6 Bxf6 17.Rf2 Bg6 18.Bd3 Bxd3 19.Qxd3 e5 20.Raf1 Qe7 21.Ne2 Rae8 22.Qg6
exd4 23.Rxf6 Qxe3+ 24.R6f2 d3 25.Nc3 Rxf2 {#R} 0-1

[Event "It (open)"]
[Site "masterchessopen.com Hamburg (Germany)"]
[Round "11"]
[White "Reichenbach Werner (GER)"]
[Black "Velikov Petar (BUL)"]
[Result "1-0"]
[WhiteElo "2310"]
[BlackElo "2445"]

1.d4 d5 2.c4 c6 3.Nf3 Nf6 4.e3 Bf5 5.Bd3 Bxd3 6.Qxd3 e6 7.Nc3 Nbd7 8.O-O Be7
9.b3 O-O 10.Bb2 Qa5 11.a3 Rfd8 12.e4 dxe4 13.Nxe4 Qh5 14.Ng3 Qg6 15.Qe2 Nh5
16.Nxh5 Qxh5 17.h3 Bf6 18.Rad1 b5 19.Rfe1 bxc4 20.bxc4 Qa5 21.c5 Rab8 22.Bc1
Rb1 23.Bd2 {#r} 1-0

[Event "It (open)"]
[Site "masterchessopen.com Eindhoven (Netherlands)"]
[Round "0"]
[White "Riemersma Liafbern (NED)"]
[Black "Boersma Paulus A (NED)"]
[Result "0-1"]
[WhiteElo "2380"]
[BlackElo "2304"]

1.d4 d5 2.c4 c6 3.Nf3 Nf6 4.e3 Bf5 5.Nc3 e6 6.Nh4 Be4 7.f3 Bg6 8.g3 Be7 9.Bg2
dxc4 10.Nxg6 hxg6 11.Qe2 c5 12.dxc5 Bxc5 13.Qxc4 Qe7 14.Bd2 Nc6 15.O-O-O O-O
16.f4 Rac8 17.Kb1 Bb4 18.Nb5 Bxd2 19.Rxd2 Na5 20.Qe2 Nc4 21.Rc2 Qb4 22.Rhc1
Qxb5 23.Rxc4 Nd5 24.R4c2 Nc3+ 25.Rxc3 Qxe2 26.Rxc8 Qxg2 {#R} 0-1

[Event "It (cat.9)"]
[Site "masterchessopen.com Polanica Zdroj (Poland)"]
[Round "0"]
[White "Borges Mateos Juan (CUB)"]
[Black "Chernin Alexander (HUN)"]
[Result "0-1"]
[WhiteElo "2483"]
[BlackElo "2565"]

1.d4 d5 2.c4 c6 3.Nf3 Nf6 4.e3 Bf5 5.cxd5 cxd5 6.Nc3 e6 7.Qb3 Qc7 8.Ne5 Nc6
9.Bd2 Be7 10.Nb5 Qb6 11.a4 O-O 12.a5 Qd8 13.Bd3 Bxd3 14.Qxd3 Nxe5 15.dxe5 Nd7
16.Bc3 a6 17.Na3 Qc7 {#R} 0-1

[Event "It"]
[Site "masterchessopen.com Sagua la Grande (Cuba)"]
[Round "13"]
[White "Arencibia Juan Joel (CUB)"]
[Black "Santa Luis A (PUR)"]
[Result "1-0"]
[WhiteElo "2405"]
[BlackElo "2184"]

1.d4 Nf6 2.c4 c6 3.Nf3 d5 4.e3 Bf5 5.Nc3 e6 6.Bd3 Bxd3 7.Qxd3 Nbd7 8.O-O Be7
9.b3 O-O 10.Bb2 a5 11.Qc2 Qb6 12.Rad1 Qa6 13.c5 Rfe8 14.a3 Bf8 15.Na4 g6
16.Ne1 e5 17.dxe5 Nxe5 18.Bd4 Ned7 19.Qb2 Bg7 20.Nf3 Re7 21.Nb6 Nxb6 22.Bxf6
Bxf6 23.Qxf6 Re6 24.Qh4 Re4 25.Qh3 {#r} 1-0

[Event "It (open)"]
[Site "masterchessopen.com Hastings (England)"]
[Round "0"]
[White "Hebden Mark (ENG)"]
[Black "Janovsky Sergey (RUS)"]
[Result "1-0"]
[WhiteElo "2506"]
[BlackElo "2430"]

1.d4 d5 2.c4 c6 3.Nf3 Nf6 4.e3 Bf5 5.cxd5 cxd5 6.Qb3 Qc7 7.Bb5+ Bd7 8.Nc3 e6
9.Bd2 a6 10.Rc1 Qb6 11.Bd3 Qxb3 12.axb3 Bd6 13.Na4 Nc6 14.Nb6 Rb8 15.Ke2 Ke7
16.Rc2 Rhd8 17.Rhc1 Be8 18.Ne5 Bxe5 19.dxe5 Ne4 20.Rxc6 Bxc6 21.Bb4+ Ke8 22.f3
f5 23.fxe4 fxe4 24.Rf1 exd3+ 25.Kd2 {#r} 1-0

[Event "Ch Spain (team)"]
[Site "masterchessopen.com Linares (Spain)"]
[Round "0"]
[White "Fraguela Gil Jose M (ESP)"]
[Black "Gual Pascual Antonio (ESP)"]
[Result "0-1"]
[WhiteElo "2260"]
[BlackElo "2436"]

1.d4 d5 2.Nf3 c6 3.e3 Nf6 4.c4 Bf5 5.Bd3 Bg6 6.Nc3 e6 7.O-O Nbd7 8.Bxg6 hxg6
9.Qd3 Bb4 10.Bd2 Bxc3 11.Bxc3 Ne4 12.Rfc1 Qf6 13.Be1 g5 14.h3 g4 15.Nh2 gxh3
16.g3 Qg5 17.a4 f5 18.Qd1 O-O 19.b3 f4 20.exf4 Rxf4 21.Bd2 Rxf2 22.Bxg5 Rg2+
23.Kf1 Rf8+ 24.Ke1 Rff2 {#R} 0-1

[Event "Ch Sweden (juniors) (under 20)"]
[Site "masterchessopen.com Borlange (Sweden)"]
[Round "9"]
[White "Eriksson Johan (SWE)"]
[Black "Ronneland Daniel (SWE)"]
[Result "1-0"]
[WhiteElo "2393"]
[BlackElo "2263"]

1.d4 d5 2.c4 c6 3.Nf3 Nf6 4.e3 Bf5 5.Bd3 e6 6.Bxf5 exf5 7.cxd5 Nxd5 8.Nc3 Na6
9.Qb3 Qb6 10.Qc2 g6 11.O-O Bg7 12.e4 Ne7 13.exf5 O-O 14.fxg6 fxg6 15.Qe2 Nf5
16.Qc4+ Kh8 17.Ng5 Bxd4 18.Ne6 Rg8 19.Bg5 Bg7 20.Rad1 Nc7 21.Nxg7 Nxg7 22.Rd7
Nce6 23.Bf6 Rae8 24.Ne4 Rgf8 25.Qc3 Rg8 26.Ng5 {#r} 1-0

[Event "It (open) (2)"]
[Site "masterchessopen.com Argentina"]
[Round "3"]
[White "Hoffman Alejandro (ARG)"]
[Black "Pie Pablo (ARG)"]
[Result "1-0"]
[WhiteElo "2440"]
[BlackElo "2089"]

1.d4 d5 2.c4 c6 3.Nf3 Nf6 4.e3 Bf5 5.cxd5 cxd5 6.Qb3 Qc8 7.Bd2 Nc6 8.Bb5 a6
9.Bxc6+ Qxc6 10.Nc3 b5 11.Ne5 Qb7 12.a4 b4 13.a5 e6 14.O-O Bd6 15.Na4 Nd7
16.Nxd7 Kxd7 17.Nb6+ Ke7 18.Bxb4 Rad8 19.Rfc1 Kf6 20.Bxd6 Rxd6 21.Rc5 Kg5
22.e4 {#r} 1-0

[Event "Verbandsliga North 1992/93"]
[Site "masterchessopen.com Baden-Wuerttemberg (Germany)"]
[Round "0"]
[White "Mandl Rudolf (GER)"]
[Black "Zapfl Harald (GER)"]
[Result "0-1"]
[WhiteElo "2253"]
[BlackElo "2000"]

1.d4 d5 2.Nf3 Nf6 3.c4 c6 4.e3 Bf5 5.Nc3 e6 6.Qb3 Qb6 7.c5 Qc7 8.Qa4 b5 9.Bxb5
cxb5 10.Nxb5 Qd8 11.Nd6+ Ke7 12.Ne5 Bg6 13.Qb4 Qc7 14.Bd2 a6 15.Qa4 a5 16.Rc1
Nfd7 17.f4 f5 18.b4 Nxe5 19.fxe5 Kd8 20.b5 Be7 21.Bxa5 Rxa5 22.Qxa5 Qxa5+
23.Kf2 Qd2+ {#R} 0-1

[Event "It (open) \"]
[Site "masterchessopen.com Buenos Aires (Argentina)"]
[Round "3"]
[White "Sorokin Maxim (RUS)"]
[Black "Alonso Rodolfo (ARG)"]
[Result "1-0"]
[WhiteElo "2490"]
[BlackElo "2211"]

1.d4 d5 2.c4 c6 3.Nf3 Nf6 4.e3 Bf5 5.cxd5 cxd5 6.Nc3 e6 7.Ne5 Nc6 8.g4 Bg6
9.h4 Bd6 10.h5 Be4 11.f3 Nxe5 12.dxe5 Bxe5 13.Bb5+ Kf8 14.fxe4 Qa5 15.Bd2 Bxc3
16.Bxc3 Qxb5 17.h6 dxe4 18.Qd6+ Kg8 19.hxg7 Kxg7 20.Qf4 {#r} 1-0

[Event "It (open)"]
[Site "masterchessopen.com Manresa (Spain)"]
[Round "1"]
[White "Efimov Igor (MNC)"]
[Black "Gomez Guerrero Manuel (ESP)"]
[Result "1-0"]
[WhiteElo "2430"]
[BlackElo "2120"]

1.Nf3 Nf6 2.d4 d5 3.c4 c6 4.e3 Bf5 5.Qb3 Qc7 6.cxd5 Nxd5 7.Nc3 Nxc3 8.bxc3 e6
9.Nh4 Be4 10.f3 Be7 11.fxe4 Bxh4+ 12.g3 Be7 13.Rb1 b6 14.e5 O-O 15.Bg2 Nd7
16.O-O Rac8 17.Bd2 c5 18.Bh3 Rcd8 19.Rf2 cxd4 20.cxd4 Bg5 21.Rbf1 h6 22.Bb4
Nc5 23.dxc5 Qxe5 24.cxb6 Bxe3 25.Bxf8 Rd2 26.Bb4 {#r} 1-0

[Event "Staatsliga B South 1993/94"]
[Site "masterchessopen.com Austria"]
[Round "0"]
[White "Steflitsch Erich (AUT)"]
[Black "Tabernig Bernhard (AUT)"]
[Result "0-1"]
[WhiteElo "2369"]
[BlackElo "2317"]

1.d4 d5 2.Nf3 Nf6 3.c4 c6 4.e3 Bf5 5.Qb3 Qb6 6.Nc3 e6 7.c5 Qc7 8.Qa4 Be7 9.b4
Nbd7 10.b5 O-O 11.Nh4 Be4 12.f3 Ng4 13.Nxe4 Bxh4+ 14.Ke2 dxe4 15.fxg4 cxb5
16.Qxb5 b6 17.g3 bxc5 18.gxh4 cxd4 19.Kf2 Nf6 20.Qc4 dxe3+ 21.Kg2 Qe5 22.Rb1
Rac8 23.Qe2 Nd5 24.Bxe3 Rc2 {#R} 0-1

[Event "Tournament"]
[Site "masterchessopen.com USA"]
[Round "0"]
[White "Zilberstein Dmitry (USA)"]
[Black "Todd James (USA)"]
[Result "1-0"]
[WhiteElo "2403"]
[BlackElo "2162"]

1.d4 d5 2.c4 c6 3.Nf3 Nf6 4.e3 Bf5 5.cxd5 Nxd5 6.Nc3 Nxc3 7.bxc3 e6 8.Bc4 Nd7
9.Qe2 Nb6 10.Bb3 h6 11.e4 Bh7 12.O-O Be7 13.c4 O-O 14.Rd1 Qc7 15.Bb2 Nd7
16.Rac1 c5 17.d5 e5 18.d6 Bxd6 19.Qd2 Bxe4 20.Qxd6 Qxd6 21.Rxd6 Bxf3 22.gxf3
Nb6 23.Bxe5 Rfe8 24.Bc3 {#r} 1-0

[Event "It"]
[Site "masterchessopen.com Azov (Russia)"]
[Round "6"]
[White "Khlian Eduard (RUS)"]
[Black "Zamfirescu Bogdan-Ionut (ROM)"]
[Result "0-1"]
[WhiteElo "2390"]
[BlackElo "2107"]

1.d4 d5 2.Nf3 Nf6 3.c4 c6 4.e3 Bf5 5.Nc3 e6 6.Nh4 Bg4 7.Qb3 Qb6 8.h3 Bh5 9.Bd2
Be7 10.g4 Bg6 11.Nxg6 hxg6 12.Bg2 Nbd7 13.g5 Ng8 14.h4 Rd8 15.Qa4 a6 16.c5 Qc7
17.e4 dxe4 18.Nxe4 Rb8 19.O-O-O {#R} 0-1

[Event "It (open)"]
[Site "masterchessopen.com Bad Zurzach (Switzerland)"]
[Round "0"]
[White "Kaenel Hansjuerg (SUI)"]
[Black "Gruenenwald Joerg (SUI)"]
[Result "1-0"]
[WhiteElo "2395"]
[BlackElo "2295"]

1.Nf3 Nf6 2.e3 d5 3.c4 c6 4.d4 Bf5 5.cxd5 cxd5 6.Qb3 Qc7 7.Nc3 e6 8.Ne5 Be7
9.Bb5+ Kf8 10.Bd2 a6 11.Qa4 Qb6 12.Rc1 Bd6 13.e4 Bxe4 14.Nxe4 Nxe4 15.Rc8+ Ke7
16.Rxh8 Bxe5 17.Re8+ {#r} 1-0

[Event "It"]
[Site "masterchessopen.com Cannes (France)"]
[Round "0"]
[White "Bezold Michael (GER)"]
[Black "Prie Eric (FRA)"]
[Result "0-1"]
[WhiteElo "2490"]
[BlackElo "2480"]

1.d4 d5 2.Nf3 Nf6 3.c4 c6 4.e3 Bf5 5.Nc3 e6 6.Be2 h6 7.O-O Nbd7 8.b3 Ne4
9.Nxe4 dxe4 10.Nd2 Bd6 11.Re1 Qh4 12.g3 Qg5 13.Bf1 h5 14.Bg2 Nf6 15.Qc2 h4
16.Nxe4 Nxe4 17.Bxe4 hxg3 18.hxg3 Bxg3 19.Kf1 Qg4 20.Bxf5 Qf3 {#R} 0-1

[Event "It (open)"]
[Site "masterchessopen.com Cappelle la Grande (France)"]
[Round "3"]
[White "Shipov Sergei (RUS)"]
[Black "Barkhagen Jonas (SWE)"]
[Result "0-1"]
[WhiteElo "2510"]
[BlackElo "2405"]

1.d4 d5 2.c4 c6 3.Nf3 Nf6 4.e3 Bf5 5.Nc3 e6 6.Nh4 Be7 7.Nxf5 exf5 8.cxd5 cxd5
9.Bd3 Qd7 10.O-O O-O 11.f3 Nc6 12.g4 fxg4 13.fxg4 g6 14.h3 h5 15.gxh5 Qxh3
16.Qf3 Qh4 17.hxg6 fxg6 18.Qg2 Ng4 19.Bd2 Bd6 20.Qxd5+ Kg7 21.Qxd6 Nce5
22.Qc7+ Kh8 23.Qxe5+ Nxe5 24.dxe5 Qg3+ 25.Kh1 Kg7 {#R} 0-1

[Event "Oberliga East 1994/95"]
[Site "masterchessopen.com Germany"]
[Round "0"]
[White "Schuh Ruediger (GER)"]
[Black "Gempe Thomas (GER)"]
[Result "0-1"]
[WhiteElo "2142"]
[BlackElo "2252"]

1.d4 d5 2.c4 c6 3.Nf3 Nf6 4.e3 Bf5 5.Nc3 e6 6.Be2 Nbd7 7.O-O Bd6 8.h3 h6 9.a3
g5 10.b4 g4 11.Nh4 gxh3 12.Nxf5 exf5 13.g3 h5 14.cxd5 cxd5 15.Qd3 Ne4 16.Nxd5
Qg5 17.Bf3 Nxg3 18.e4 Qh4 19.e5 h2+ 20.Kg2 Nxf1 21.Kxf1 h1=Q+ 22.Bxh1 Qxh1+
23.Ke2 Qxd5 {#R} 0-1

[Event "It \"]
[Site "masterchessopen.com Moscow (Russia)"]
[Round "0"]
[White "Baikov Vladimir A (RUS)"]
[Black "Janovsky Sergey (RUS)"]
[Result "0-1"]
[WhiteElo "2370"]
[BlackElo "2450"]

1.d4 Nf6 2.Nf3 d5 3.c4 c6 4.e3 Bf5 5.cxd5 cxd5 6.Qb3 Qc7 7.Bd2 e6 8.Nc3 Nc6
9.Rc1 Be7 10.Ne5 O-O 11.Bb5 Nxe5 12.Nxd5 Qxc1+ 13.Bxc1 Nxd5 14.dxe5 Rac8
15.Kd1 Rfd8 16.Bd2 Bb4 17.Bxb4 Bc2+ 18.Qxc2 Nxe3+ 19.Ke2 Nxc2 20.Bc3 Nd4+
21.Bxd4 Rxd4 {#R} 0-1

[Event "NRW-liga (juniors) 1995/96"]
[Site "masterchessopen.com NRW (Germany)"]
[Round "0"]
[White "Becker Marcel (GER)"]
[Black "Lytchak Alexander (GER)"]
[Result "0-1"]
[WhiteElo "2080"]
[BlackElo "2240"]

1.d4 d5 2.c4 c6 3.Nf3 Nf6 4.e3 Bf5 5.Bd3 Bxd3 6.Qxd3 e6 7.O-O Be7 8.Nc3 O-O
9.e4 dxe4 10.Nxe4 c5 11.Rd1 cxd4 12.Nxd4 Qd7 13.Bf4 Rd8 14.Be5 Nxe4 15.Qxe4
Nc6 16.Qe2 Nxe5 17.Nb5 Nd3 18.Qf1 Rac8 19.b3 a6 20.Nc3 b5 21.Nd5 exd5 22.Rxd3
bxc4 23.bxc4 Rxc4 24.Rad1 d4 {#R} 0-1

[Event "Ch Yugoslavia (team)"]
[Site "masterchessopen.com Tivat (Yugoslavia)"]
[Round "7"]
[White "Nestorovic Dejan (SRB)"]
[Black "Nikcevic Nebojsa (MNE)"]
[Result "0-1"]
[WhiteElo "2370"]
[BlackElo "2470"]

1.d4 d5 2.c4 c6 3.Nf3 Nf6 4.e3 Bf5 5.cxd5 cxd5 6.Nc3 e6 7.Ne5 Bd6 8.Qb3 Nc6
9.Qxb7 Nxe5 10.dxe5 Bxe5 11.Bb5+ Kf8 12.Bd2 Rb8 13.Qa6 Rb6 14.Qa5 Qb8 15.Ba4
Rxb2 16.Bb3 Rxd2 17.Kxd2 g5 18.Rac1 d4 19.exd4 Bxd4 20.g3 Bxf2 21.Rcd1 Bb6
22.Qa3+ Kg7 23.Kc1 Qe5 24.Qb4 Ba5 {#R} 0-1

[Event "It (open)"]
[Site "masterchessopen.com Zalakaros (Hungary)"]
[Round "0"]
[White "Weingartner Harald (AUT)"]
[Black "Varga Peter (HUN)"]
[Result "0-1"]
[WhiteElo "2065"]
[BlackElo "2415"]

1.Nf3 d5 2.d4 Nf6 3.c4 c6 4.e3 Bf5 5.Nc3 e6 6.Be2 h6 7.O-O Nbd7 8.b3 Bd6 9.Bb2
O-O 10.Rc1 Qe7 11.h3 dxc4 12.bxc4 e5 13.Qb3 b6 14.Rfd1 Rfe8 15.Bf1 e4 16.Nd2
Nf8 17.Ndb1 Rac8 18.Ba3 c5 19.Nb5 Bb8 20.dxc5 bxc5 21.Nd2 Ng6 22.Be2 Nh7
23.Nf1 a6 24.Nc3 Qg5 25.Rd5 Nf6 26.Rd2 Bxh3 {#R} 0-1

[Event "It (open) (active)"]
[Site "masterchessopen.com Barcelona (Spain)"]
[Round "0"]
[White "Gil Gonzalez Jose Manuel (ESP)"]
[Black "Avila Jimenez Javier (ESP)"]
[Result "1-0"]
[WhiteElo "2410"]
[BlackElo "2279"]

1.d4 d5 2.c4 c6 3.Nf3 Nf6 4.e3 Bf5 5.Nc3 e6 6.Be2 Bd6 7.Qb3 Qc7 8.O-O O-O 9.h3
Nbd7 10.Bd2 dxc4 11.Bxc4 Ne4 12.Be1 b5 13.Be2 a6 14.Rc1 Rac8 15.Nh4 Nxc3
16.bxc3 Be4 17.c4 Qd8 18.Nf3 h6 19.Nd2 Bg6 20.Bf3 Qh4 21.a4 bxa4 22.Qxa4 {#r}
1-0

[Event "It (open)"]
[Site "masterchessopen.com Dallas (USA)"]
[Round "0"]
[White "Lein Anatoly (USA)"]
[Black "Schwartzman Gabriel (USA)"]
[Result "0-1"]
[WhiteElo "2450"]
[BlackElo "2515"]

1.d4 d5 2.c4 c6 3.Nf3 Nf6 4.e3 Bf5 5.Bd3 Bxd3 6.Qxd3 e6 7.O-O Nbd7 8.Nc3 Be7
9.e4 dxe4 10.Nxe4 Nxe4 11.Qxe4 O-O 12.Rd1 Nf6 13.Qe2 Qa5 14.Bf4 Rad8 15.h3 h6
16.c5 Rd5 17.a3 Rfd8 18.b4 Qa4 19.Rdc1 Ne8 20.Be5 Bf6 21.Bxf6 Nxf6 22.Qc2 Qxc2
23.Rxc2 Ne8 24.a4 Nc7 {#R} 0-1

[Event "It (open)"]
[Site "masterchessopen.com Hlohovec (Slovakia)"]
[Round "5"]
[White "Krivoshey Sergei (UKR)"]
[Black "Kolesar Milan (SVK)"]
[Result "1-0"]
[WhiteElo "2425"]
[BlackElo "2240"]

1.Nf3 Nf6 2.c4 c6 3.d4 d5 4.e3 Bf5 5.cxd5 cxd5 6.Nc3 e6 7.Ne5 Nc6 8.g4 Nxe5
9.dxe5 Nxg4 10.Qa4+ Ke7 11.Qb4+ {#r} 1-0

[Event "It (open)"]
[Site "masterchessopen.com Litomysl (Czech Republic)"]
[Round "1"]
[White "Krivoshey Sergei (UKR)"]
[Black "Kranjec Toni (SLO)"]
[Result "1-0"]
[WhiteElo "2425"]
[BlackElo "1984"]

1.Nf3 Nf6 2.c4 c6 3.d4 d5 4.e3 Bf5 5.cxd5 Nxd5 6.Bc4 e6 7.O-O Bd6 8.Re1 Nf6
9.Nc3 Ne4 10.Bd3 Nxc3 11.bxc3 Nd7 12.Bxf5 exf5 13.Qc2 Qf6 14.e4 fxe4 15.Qxe4+
Kf8 16.Bg5 Qe6 17.Qxe6 fxe6 18.Rxe6 Ba3 19.Rae1 h6 20.Be7+ Bxe7 21.Rxe7 Rd8
22.Nh4 Rh7 23.Ng6+ Kg8 {#r} 1-0

[Event "Memorial A.Alekhine (open)"]
[Site "masterchessopen.com Moscow (Russia)"]
[Round "4"]
[White "Rashkovsky Nukhim N (RUS)"]
[Black "Lundin Alexandr (RUS)"]
[Result "1-0"]
[WhiteElo "2530"]
[BlackElo "2315"]

1.d4 d5 2.Nf3 Nf6 3.c4 c6 4.e3 Bf5 5.Bd3 Bxd3 6.Qxd3 e6 7.O-O Nbd7 8.Nc3 Be7
9.e4 dxe4 10.Nxe4 Nxe4 11.Qxe4 Nf6 12.Qe2 O-O 13.Rd1 h6 14.Rd3 Qc7 15.Ne5 Rad8
16.Bf4 Qc8 17.Rad1 c5 18.Be3 Nd7 19.Ng4 Bg5 20.Nxh6+ { ! } 20...Bxh6 21.Bxh6
gxh6 22.Qh5 { ! } 22...Kg7 ( 22...Rfe8 23.Qxh6 Nf8 24.Rh3 Ng6 25.Qh7+ Kf8
26.Rf3 { +?? } ) 23.Rg3+ Kf6 24.Qh4+ Kf5 25.Qxh6 {#r} 1-0

[Event "It (open) \"]
[Site "masterchessopen.com Pardubice (Czech Republic)"]
[Round "9"]
[White "Rakay Kvetoslav (SVK)"]
[Black "Mlynek Petr (CZE)"]
[Result "0-1"]
[WhiteElo "2022"]
[BlackElo "2122"]

1.d4 d5 2.c4 c6 3.Nf3 Nf6 4.e3 Bf5 5.Qb3 Qc7 6.Nc3 e6 7.Be2 h6 8.O-O Nbd7
9.Bd2 Bd6 10.Rac1 Qb6 11.c5 Qxb3 12.axb3 Bc7 13.Ra1 O-O 14.b4 a6 15.Ra3 e5
16.Rfa1 Rae8 17.h3 Ne4 18.Kf1 g5 19.Bxa6 bxa6 20.Rxa6 Nxd2+ 21.Nxd2 Bd3+
22.Kg1 Bxa6 {#R} 0-1

[Event "Ch Portugal (team)"]
[Site "masterchessopen.com Portugal"]
[Round "0"]
[White "Rodrigues Luis (POR)"]
[Black "Antunes Antonio (POR)"]
[Result "0-1"]
[WhiteElo "2214"]
[BlackElo "2540"]

1.Nf3 d5 2.d4 Nf6 3.c4 c6 4.e3 Bf5 5.Bd3 e6 6.Nc3 Be7 7.O-O Bg6 8.Qe2 Nbd7
9.e4 dxc4 10.Bxc4 b5 11.Bd3 b4 12.Na4 O-O 13.Ne5 Nxe5 14.dxe5 Bh5 15.exf6 Bxe2
16.fxe7 Qxd3 17.exf8=Q+ Rxf8 18.Re1 Qxe4 19.Be3 Qg4 20.h3 Qh5 21.Nc5 Bc4
22.Red1 Bd5 23.Kh2 Qe5+ 24.Kg1 Qxb2 25.Rab1 Qc2 26.f3 a5 {#R} 0-1

[Event "It (open)"]
[Site "masterchessopen.com Schaan (Liechtenstein)"]
[Round "3"]
[White "Kranz Armin (AUT)"]
[Black "Gretarsson Helgi Ass (ISL)"]
[Result "0-1"]
[WhiteElo "2100"]
[BlackElo "2465"]

1.d4 d5 2.c4 c6 3.Nf3 Nf6 4.e3 Bf5 5.Bd3 Bg6 6.Nc3 e6 7.O-O Bd6 8.b3 Nbd7
9.Re1 O-O 10.e4 Bb4 {#R} 0-1

[Event "Olympiad"]
[Site "masterchessopen.com Yerevan (Armenia)"]
[Round "9"]
[White "Temirbaev Serik (KAZ)"]
[Black "Barua Dibyendu (IND)"]
[Result "1-0"]
[WhiteElo "2480"]
[BlackElo "2550"]

1.d4 d5 2.c4 c6 3.Nf3 Nf6 4.e3 Bf5 5.cxd5 Nxd5 6.Bc4 e6 7.O-O Nb6 8.Bb3 c5
9.Qe2 Nc6 10.Rd1 Qc7 11.Nc3 a6 12.d5 Na5 13.dxe6 Nxb3 14.exf7+ Qxf7 15.axb3
Qxb3 16.e4 Bg4 17.h3 Bh5 18.g4 Bf7 19.Nd5 Bd6 20.Ra3 Qc4 21.Rad3 Nxd5 22.exd5+
Kf8 23.Ng5 Re8 24.Qf3 Re7 25.Re3 Qf4 26.Qxf4 {#r} 1-0

[Event "It (open) \"]
[Site "masterchessopen.com Boca (Argentina)"]
[Round "8"]
[White "Ricardi Pablo (ARG)"]
[Black "Cativelli Gerardo (ARG)"]
[Result "1-0"]
[WhiteElo "2575"]
[BlackElo "2250"]

1.Nf3 Nf6 2.c4 c6 3.d4 d5 4.e3 Bf5 5.cxd5 cxd5 6.Qb3 Qc7 7.Nc3 e6 8.Bd2 Nc6
9.Rc1 Be7 10.Ne5 O-O 11.Bb5 Rfc8 12.Na4 Ne4 13.Bxc6 Nxd2 14.Kxd2 bxc6 15.Nxc6
Bf8 16.Ke2 Qd6 17.Qb7 Re8 18.Ne5 f6 19.Rc6 Rab8 20.Qf7+ Kh8 21.Rxd6 Bxd6
22.Nc6 Rbc8 23.Rc1 Bg6 24.Qd7 {#r} 1-0

[Event "Bundesliga (2nd) 1997/98"]
[Site "masterchessopen.com Germany"]
[Round "0"]
[White "Gruen Peter (GER)"]
[Black "Lytchak Alexander (GER)"]
[Result "1-0"]
[WhiteElo "2385"]
[BlackElo "2390"]

1.d4 d5 2.c4 c6 3.e3 Nf6 4.Nf3 Bf5 5.Bd3 Bxd3 6.Qxd3 e6 7.O-O Be7 8.Nc3 O-O
9.e4 dxe4 10.Nxe4 c5 11.Rd1 cxd4 12.Nxd4 Qd7 13.Qf3 Nxe4 14.Qxe4 Rd8 15.Be3
Nc6 16.h3 Rac8 17.Nxc6 Qxd1+ 18.Rxd1 Rxd1+ 19.Kh2 Rxc6 20.Bxa7 Rd2 21.c5 Bd8
22.Qb4 Rd7 23.Qb5 h5 24.b4 h4 25.Bb8 Kf8 26.a4 {#r} 1-0

[Event "Ch Czech Republic (juniors) (under 16) (g)"]
[Site "masterchessopen.com Hradec Kralove (Czech Republic)"]
[Round "3"]
[White "Rerabkova Lucie (CZE)"]
[Black "Buldrova Monika (CZE)"]
[Result "0-1"]
[WhiteElo "1843"]
[BlackElo "2090"]

1.d4 d5 2.c4 c6 3.Nf3 Nf6 4.e3 Bf5 5.Nc3 e6 6.b3 Bd6 7.Bb2 Nbd7 8.Be2 h6 9.Nh4
Bh7 10.Bd3 Ne4 11.Qg4 Nxf2 12.Kxf2 Bxd3 13.g3 O-O 14.c5 Bc7 15.Rad1 Nf6 16.Qh3
Ne4+ 17.Nxe4 Bxe4 18.Rhf1 g5 19.Ng2 Qf6+ 20.Kg1 Qg6 21.g4 f5 22.Rf2 fxg4
23.Qxg4 Rxf2 24.Kxf2 Rf8+ 25.Kg1 Bf3 26.Nh4 Bxg4 {#R} 0-1

[Event "?"]
[Site "masterchessopen.com Pale (Albania)"]
[Round "0"]
[White "Ilincic Zlatko (SRB)"]
[Black "Kosic Dragan (MNE)"]
[Result "1-0"]
[WhiteElo "2545"]
[BlackElo "2510"]

1.d4 d5 2.c4 c6 3.Nf3 Nf6 4.e3 Bf5 5.Bd3 Bxd3 6.Qxd3 e6 7.O-O Nbd7 8.Nbd2 Bd6
9.e4 dxe4 10.Nxe4 Nxe4 11.Qxe4 O-O 12.Bg5 Be7 13.Bf4 Nf6 14.Qe2 Qa5 15.Rfd1
Qh5 16.Rd3 Rad8 17.h3 Qf5 18.Bc7 Rc8 19.g4 Qg6 20.Bg3 Rfd8 21.Ne5 Qe4 22.Re3
Qxd4 23.g5 Ne8 24.Rd3 Qc5 25.Rf3 f6 26.Nd7 {#r} 1-0

[Event "It (open)"]
[Site "masterchessopen.com Sulzfeld (Germany)"]
[Round "5"]
[White "Schwalfenberg Joerg (GER)"]
[Black "Heinl Achim (GER)"]
[Result "1-0"]
[WhiteElo "2355"]
[BlackElo "2235"]

1.d4 Nf6 2.Nf3 d5 3.c4 c6 4.e3 Bf5 5.Nc3 e6 6.Bd3 Bxd3 7.Qxd3 Bd6 8.O-O dxc4
9.Qxc4 Nbd7 10.e4 e5 11.Bg5 Qc7 12.dxe5 Nxe5 13.Nxe5 Bxe5 14.f4 Bxc3 15.Qxc3
O-O-O 16.e5 Qb6+ 17.Kh1 Ne4 18.Bxd8 Rxd8 19.Qc2 Nd2 20.Rfe1 Qf2 21.Qf5+ Rd7
22.Rad1 g6 23.Qf6 Rd4 24.e6 Nf3 25.Qxd4 {#r} 1-0